000 00623nam a2200193 a 4500
005 20221014063638.0
008 991125s1969 mx 000 0 spa u
035 _aUPN01000018982
049 _aCG
050 4 _aQA155.7 E4
_bP7
100 1 _aPrice, Wilson T.
245 1 0 _aElementos de matemáticas de proceso de datos /
_cWilson T. Price, Merlin Miller ; tr. José Rosendo Sánchez Palma.
260 _aMéxico :
_bCECSA,
_c1969.
300 _a510 p. :
_bil.
650 2 _aÁlgebra
_92068
650 4 _aSISTEMATIZACION DE DATOS (COMPUTADORAS ELECTRONICAS)
_913845
700 1 _aMiller, Merlin,
_ecoaut.
905 _aLibro
999 _c18982
_d18982